000 00328pab a2200133 454500
008 180718b1986 xxu||||| |||| 00| 0 eng d
100 _aPoddar, M.P.
245 _aJute
_bOnly technology can save the industry now
260 _c1986
300 _a81-2
650 _aJute Industry and Trade
773 _aCapital
909 _a11599
999 _c11599
_d11599